Návrh implementácie smart riešení pri riadení ľudských zdrojov v multikultúrnych priemyselných podnikoch

Guardado en:
Detalles Bibliográficos
Autor principal: Müllerová, Simona (Autor)
Otros Autores: Prajová, Vanessa (Orientador)
Formato: Manuscrito Libro
Lenguaje:eslovaco
Publicado: 2022
Materias:
Acceso en línea:http://is.stuba.sk/zp/portal_zp.pl?podrobnosti=164383
Etiquetas: Agregar Etiqueta
Sin Etiquetas, Sea el primero en etiquetar este registro!

MARC

LEADER 00000ntm a22000003a 4500
001 stuzp89432
003 SK-STU
005 20220611212336.7
007 ta
008 150427s2015----xo-----f-mn---000-0-slo-d
040 |a STU  |b slo 
041 0 |a slo 
100 1 |a Müllerová, Simona  |u 064000  |k Z4  |4 aut  |U MTF Materiálovotechnologická fakulta  |T MTF Ústav priemyselného inžinierstva a manažmentu  |X 81669  |U M4000  |Y 84  |7 81669 
242 0 1 |a Smart solutions proposal implementation in human resource management in multicultural industrial enterprises  |y eng 
245 1 0 |a Návrh implementácie smart riešení pri riadení ľudských zdrojov v multikultúrnych priemyselných podnikoch 
260 |c 2022 
650 4 |a Priemysel 4.0  |2 slo 
650 4 |a HR 4.0  |2 slo 
650 4 |a Ľudské zdroje  |2 slo 
650 4 |a Smart riešenia  |2 slo 
650 4 |a Digitalizácia  |2 slo 
650 4 |a Industry 4.0  |2 eng 
650 4 |a HR 4.0  |2 eng 
650 4 |a Smart Solutions  |2 eng 
650 4 |a Human Resources  |2 eng 
650 4 |a Digitization  |2 eng 
700 1 |a Prajová, Vanessa  |u 064000  |k Z1  |4 ths  |U MTF Materiálovotechnologická fakulta  |T MTF Ústav priemyselného inžinierstva a manažmentu  |X 47651  |U M4000  |Y 84  |7 A000047651 
856 4 |u http://is.stuba.sk/zp/portal_zp.pl?podrobnosti=164383 
996 |c M* DP-14981  |l MMSKP  |s P  |a 0  |w stuzp89432_0001